Statistiques concernant Disney paroles - Le Gospel Pur (Hercule)

Cliquez ici pour prendre le quiz!

Statistiques générales

  • Ce quiz a été pris 321 fois
  • Le résultat moyen est 126 sur 172

Statistiques - réponses

Réponse% Correct
le
97%
Le
97%
Ce
95%
ce
95%
de
95%
H
95%
à
94%
A,
94%
a
94%
du
93%
et
91%
ces
90%
des
90%
Des
90%
Hercule.
90%
Hercule
90%
la
90%
La
90%
un
90%
Dans
88%
ma
88%
les
87%
en
85%
monde
85%
Zeus
85%
comme
84%
gospel
84%
pur
84%
Au
83%
avec
83%
c'est
83%
C'est
83%
Héros
83%
héros
83%
on
83%
sur
83%
Titan.
83%
était
82%
Nous
82%
appelé
81%
jour
81%
ne
81%
que
81%
vrai
81%
danser
80%
d'êtres
80%
immondes
80%
peuplé
80%
pied
80%
plus
80%
premier
80%
sommes
80%
C'était
79%
cinq
79%
muses
79%
quel
79%
majuscule
78%
sa
78%
géants
77%
super
77%
terre
77%
arts
75%
Ca
75%
déesses
75%
éclair
75%
feu
75%
temps.
75%
nuit
74%
proclamatrices
74%
répugnants
74%
bien
73%
commence
73%
d'enfer.
73%
fille.
73%
Quand
73%
fait
72%
guêpier
72%
histoire
72%
soudain
72%
avant
71%
dégoutants
70%
d'un
70%
foudroyant
69%
jouer
69%
air
68%
j'aimerai
68%
Notre
68%
Tout
67%
crachait
66%
filles
66%
survint
66%
n'savait
64%
entière
63%
cornemuse
62%
lui
61%
tonnerre
61%
Allez-y
60%
Oh
59%
est
58%
créature
57%
plat
57%
si
57%
tremblait
56%
tu
55%
dieux
52%
Vas-y
52%
grande
51%
l'Olympe
51%
Ouh
51%
haut
50%
Même
50%
chaque
48%
chauffes
48%
clair
48%
pointure
48%
mérite
47%
qui
47%
as
46%
démesure
46%
souffrait
46%
gars
45%
murmures
45%
sont
44%
dompté
40%
brutes
39%
s'étonnèrent
32%
l'enfer.
31%
sinécure.
28%
cure
26%
Colère
24%
font
23%
mit
17%

Distribution des résultats

Percentile par nombre de réponses

% des personnes avec chaque résultat

Votre développement - résultats

Vous n’avez pas pris ce quiz